000 00570nam a22002177a 4500
005 20240430063402.0
008 240430b |||||||| |||| 00| 0 eng d
020 _a9788196526306
040 _aIN-DiNC
_cIN-DiNC
041 _deng
082 _a821
_bBHA
100 _aBhatt, Nishant
_eauthor
245 _aEnglish poetry and drama/
_cby Nishant Bhatt
250 _a1st ed.
260 _aMeerut:
_bBalaji publishers,
_c2023.
300 _avii, 312p.
650 _aWilliam Wordsworth
650 _aWilliam Shakespeare
650 _aHenrik Ibsen
942 _2ddc
_cBK
999 _c11794
_d11794